01175nab a22002177a 4500999001500000003000400015005001700019008004100036040000700077100003100084245024500115260007300360300001200433500003500445505018000480505008100660650002300741650002000764773016000784942001300944 c6411d6411OSt20260202115336.0190429b xxu||||| |||| 00| 0 spa d cPJ 97046aSukevicius, Ariel D.10aConsideraciones sobre la publicación irrestricta de resoluciones judiciales en materia penal. ¿Puede incurrirse en el delito de violación de secreto? /b¿puede incurrirse en el delito de violación de secreto? /cAriel D. Sukevicius. cCiudad Autónoma de Buenos Aires :aThomson Reuters La Ley, b2023. ap. 5-15 aCita Online: AR/DOC/1820/2023. aSumario: I. Introducción.— II. El actual esquema de publicación en el ámbito nacional.— III. Límites a la difusión de los pronunciamientos.— IV. Conclusiones.  tSi te interesa el texto completo, solicitalo a koha@justierradelfuego.gov.ar 09343aDERECHO PENAL 0aSENTENCIA920950 0265893164tRevista de derecho penal y criminología. Nº 8 - Septiembre 2023dCiudad Autónoma de Buenos Aires : Thomson Reuters La Ley, 2017-x00347914 2udccANA